Το αλβανικό έπος 1940-41
Αποθηκεύτηκε σε:
| Κύριος συγγραφέας: | |
|---|---|
| Άλλοι συγγραφείς: | |
| Μορφή: | Βιβλίο |
| Γλώσσα: | Greek |
| Δημοσίευση: |
Αθήνα :
Ιωλκός,
2003.
|
| Θέματα: | |
| Ετικέτες: |
Προσθήκη ετικέτας
Δεν υπάρχουν, Καταχωρήστε ετικέτα πρώτοι!
|
MARC
| LEADER | 00000cam a2200000 i 4500 | ||
|---|---|---|---|
| 001 | 1/26751 | ||
| 008 | 060322s2003 gr | ||| |||| ||gre|| | ||
| 020 | |a 9604263242 | ||
| 035 | |l 10083236 | ||
| 040 | |a GR-MyUA |b gre |e AACR2 | ||
| 041 | 0 | |a gre | |
| 082 | 0 | |a 778.949 |2 (22) | |
| 100 | 1 | |a Κορίδης, Γιάννης, |d 1936- | |
| 245 | 1 | 3 | |a Το αλβανικό έπος 1940-41 / |c φωτογραφίες αρχείο Κούλη Ζαμπαθά ; κείμενα-επιλογή Γιάννης Κορίδης. |
| 260 | |a Αθήνα : |b Ιωλκός, |c 2003. | ||
| 300 | |a 201 σ. : |b φωτ. ; |c 25 εκ. | ||
| 650 | 0 | |a World War, 1939-1945 |x Campaigns |z Greece |x Pictorial works. | |
| 700 | 1 | |a Ζαμπαθάς, Κούλης, |d 1905-1975, |e pht | |
| 852 | |a INST |b SAMOS |e 20060322 |h 778.949 ΚΟΡ |p 005300024605 |q 005300024605 |t BK |y 0 | ||
| 901 | |a BIBL3-2006-1 | ||
| 909 | |a Σ |b 124846 | ||
| 922 | |a 3ΕΛΗ |b 200601 |c ΜΕΤΑΠΤΥΧΙΑΚΟ/ΜΑΘΗΜΑΤΙΚΟ |d ΜΙΧΑΛΟΠΟΥΛΟΣ | ||
| 970 | |a ΚΟΣΙΕΡΗΣ |b ΧΡΗΣΤΟΣ |z 2006/03/22 | ||